书目信息 |
| 题名: |
达尔文
|
|
| 作者: | 张秉伦 , 郑土生 著 | |
| 分册: | ||
| 出版信息: | 北京 中国青年出版社 1982 |
|
| 页数: | 296页 | |
| 开本: | 19cm | |
| 丛书名: | ||
| 单 册: | ||
| 中图分类: | K835.616.1 , K833 | |
| 科图分类: | ||
| 主题词: | ||
| 电子资源: | ||
| ISBN: | ||
| 000 | 00634nam0 2200241 45 | |
| 001 | 1570995906 | |
| 005 | 20150128074124.82 | |
| 010 | @dCNY0.98 | |
| 091 | @aCN@b11009.113 | |
| 100 | @a19950517d1982 em y0chiy0121 ea | |
| 101 | 0 | @achi |
| 102 | @aCN@b110000 | |
| 105 | @af z 000yb | |
| 200 | 10 | @a达尔文@Ada er wen@f张秉伦,郑土生著 |
| 210 | @a北京@c中国青年出版社@d1982 | |
| 215 | @a296页@c照片@d19cm | |
| 600 | 1 | @a达尔文@bC.@x传记 |
| 690 | @aK835.616.1@v3 | |
| 690 | @aK833@v4 | |
| 701 | 0 | @a张秉伦@Azhang bing lun@4著 |
| 701 | 0 | @a郑土生@Azheng tu tu sheng@4著 |
| 801 | 0 | @aCN@bTSSF@c20150128 |
| 905 | @aZUCC@dK833@eJY5 | |
| 达尔文/张秉伦,郑土生著.-北京:中国青年出版社,1982 |
| 296页:照片;19cm |
| ISBN :CNY0.98 |
| ● |
| 相关链接 |
|
|
|
|
正题名:达尔文
索取号:K833/JY5
 
预约/预借
| 序号 | 登录号 | 条形码 | 馆藏地/架位号 | 状态 | 备注 |
| 1 | 7836582 | 278365822 | 学院路分馆/ [索取号:K833/JY5] | 在馆 |